Discharge characteristics of four highway drainage systems in Ohio.

Bibliographic Details
Main Author: Straub, David E.
Corporate Authors: Ohio. Department of Transportation, Geological Survey (U.S.)
Format: Government Document Book
Language:English
Published: Columbus, Ohio : U.S. Dept. of the Interior, U.S. Geological Survey ; 1995.
Series:Water-resources investigations report ; 95-4020.
Subjects:

MARC

Tag First Indicator Second Indicator Subfields
LEADER 00000cam a2200000 a 4500
001 in00001247513
005 20151003081209.0
008 950504s1995 ohuab b f000 0 eng d
010 |a gp 95073120  
035 |a (OCoLC)32417143 
035 |9 AGU3876AM 
040 |a GPO  |c GPO  |d DLC  |d UtOrBLW 
043 |a n-us-oh 
074 |a 0624-B 
086 0 |a I 19.42/4:95-4020 
100 1 |a Straub, David E. 
245 1 0 |a Discharge characteristics of four highway drainage systems in Ohio. 
264 1 |a Columbus, Ohio :  |b U.S. Dept. of the Interior, U.S. Geological Survey ;  |c 1995. 
264 2 |a Denver, CO :  |b Earth Science Information Center, Open-File Reports Section [distributor], 
300 |a iv, 20 pages :  |b illustrations, map ;  |c 28 cm. 
336 |a text  |b txt  |2 rdacontent 
337 |a unmediated  |b n  |2 rdamedia 
338 |a volume  |b nc  |2 rdacarrier 
490 1 |a Water-resources investigations report ;  |v 95-4020 
500 |a Shipping list number: 95-0152-P. 
504 |a Includes bibliographical references (page 20). 
650 0 |a Road drainage  |x Environmental aspects  |z Ohio  |z Granville Region. 
710 1 |a Ohio.  |b Department of Transportation. 
710 2 |a Geological Survey (U.S.) 
830 0 |a Water-resources investigations report ;  |v 95-4020. 
999 |a MARS 
999 f f |s 986e12c0-a4ff-329c-9805-f87537b4fee2  |i 0533b34f-8eba-3ce5-9752-58c9c2dc664b  |t 0 
952 f f |p normal  |a Texas A&M University  |b College Station  |c Sterling C. Evans Library  |d Evans: US Documents (Annex 5th floor)  |t 0  |e I 19.42/4:95-4020  |h Superintendent of Documents classification  |i unmediated -- volume  |m A14822824485 
998 f f |a I 19.42/4:95-4020  |t 0  |l Evans: US Documents (Annex 5th floor)